00553nam a22001697a 4500008004500000020001800045082002100063100001500084245002700099250001200126260004000138300001700178520012200195650002000317650002100337650002500358221119b 2010 ||||| |||| 00| 0 eng d a9788132103059 a567.5.14k86bALO aKumar Alok aSquatting with Dignity a3rd ed. aNew DelhibSage Publications c2010 axxvii, 379p. aIntroduction Rural Sanitation Development in phases Debate on key policies and Evolution of Implementation strategy  aList of Tables  aList of Figures  aList of Photographs